000
00302nam a2200109 4500
999
_c
507221
_d
507221
082
_a
L1x5452 M267
100
_a
Tamil Nadu. Finance Department
_9
1131
245
_a
Budget, Tamil Nadu, 1974-75
_c
by Finance Department
260
_a
Madras
_b
Government of Tamil Nadu
_c
1974
300
_a
v.p.
942
_2
ddc